The industrialization of Egypt, 1939-1973 : policy and performance /

Zapisane w:
Opis bibliograficzny
1. autor: Mabro, Robert
Kolejni autorzy: Raḍwān, Samīr Muḥammad
Format: Książka
Język:English
Wydane: Oxford : Clarendon Press, 1976.
Hasła przedmiotowe:
LEADER 00941nam a2200241 i 4500
001 c000238919
003 CARM
005 00000000000000.0
008 840305s1976 enk 0 eng d
019 1 |a 23863432  |z 797406  |z 797406  |z 58057144  |5 LACONCORD2021 
020 |a 0198284055 
035 |a (OCoLC)2434435  |5 LACONCORD2021 
082 0 4 |a 338/.0962 
100 1 |a Mabro, Robert. 
245 1 4 |a The industrialization of Egypt, 1939-1973 :  |b policy and performance /  |c [by] Robert Mabro and Samir Radwan. 
260 |a Oxford :  |b Clarendon Press,  |c 1976. 
300 |a xii,279p ;  |c 23cm. 
504 |a Bibl.: p.266-274. - Index. 
650 0 |a Industries  |z Egypt  |x History. 
700 1 |a Raḍwān, Samīr Muḥammad. 
852 8 |b CARM  |h A1:AQ07B0  |i B07202  |p 0366665  |f BK 
999 f f |i 2d880571-338e-515d-9617-481976dfffb1  |s 37feeef2-ba5c-52c1-bc96-bd9e6324afa1 
952 f f |p Can circulate  |a CAVAL  |b CAVAL  |c CAVAL  |d CARM 1 Store  |e B07202  |f A1:AQ07B0  |h Other scheme  |i book  |m 0366665